Normal view
MARC view
Entry Personal Name
001 - CONTROL NUMBER
- control field: 1211368
003 - CONTROL NUMBER IDENTIFIER
- control field:
005 - DATE AND TIME OF LATEST TRANSACTION
- control field: 20210629064637.0
008 - FIXED-LENGTH DATA ELEMENTS
- fixed length control field: 210629|| aca||aabn | a|a d
040 ## - CATALOGING SOURCE
- Original cataloging agency:
- Transcribing agency:
100 ## - HEADING--PERSONAL NAME
- Personal name: Datta, A.
670 ## - SOURCE DATA FOUND
- Source citation: Work cat.: ()1285713: Tagore, Rabindranath, 1861-1941 687524, Select translations of Rabindranath Tagore /, 2013
